Statistics for Countries in Random Shapes on the World Map

Click here to take the quiz!

General Stats

  • This quiz has been taken 8,069 times
  • The average score is 17 of 20

Answers on the Map

Answers color-coded by a green-red scale on the quiz's map according to % correct below.
 

Answer Stats

Countries% Correct
Canada | United States
99%
Canada | United States
99%
Canada | United States
99%
Canada
98%
Canada | United States
98%
Canada | United States
98%
Canada | United States
98%
Canada | United States
98%
China | Kazakhstan | Kyrgyzstan | Russia
98%
Mexico | United States
98%
Mexico | United States
98%
United States
98%
Bahamas | Cuba | Dominican Republic | Haiti | Jamaica | United States
97%
Bahamas | Mexico | United States
97%
Belize | Cuba | El Salvador | Guatemala | Honduras | Mexico | Nicaragua | United States
97%
Canada
97%
Canada
97%
Canada | Denmark
97%
Canada | United States
97%
China | Kazakhstan | Kyrgyzstan | Russia | Tajikistan | Turkmenistan | Uzbekistan
97%
China | Mongolia | Russia
97%
United States
97%
Austria | Bulgaria | Croatia | Czechia | Germany | Hungary | Moldova | Poland | Romania | Russia | Serbia | Slovakia | Turkey | Ukraine
96%
Bangladesh | Bhutan | Cambodia | China | India | Laos | Myanmar | Nepal | Thailand | Vietnam
96%
Belarus | Finland | Russia | Turkey | Ukraine
96%
Canada
96%
Canada
96%
China | Mongolia | North Korea | Russia
96%
China | Mongolia | Russia
96%
Russia
96%
Russia
96%
United States
96%
Belarus | Denmark | Estonia | Finland | Germany | Latvia | Lithuania | Norway | Poland | Russia | Sweden | Ukraine
95%
Canada
95%
Canada
95%
Canada
95%
China | Japan | Russia
95%
Finland | Norway | Russia | Sweden
95%
United States
95%
Afghanistan | China | India | Iran | Nepal | Pakistan | Tajikistan | Turkmenistan
94%
Armenia | Azerbaijan | Georgia | Kazakhstan | Russia | Turkey | Turkmenistan | Ukraine | Uzbekistan
94%
Brazil | France | Guyana | Suriname
94%
Finland | Russia
94%
Finland | Russia
94%
Kazakhstan | Mongolia | Russia
94%
Kazakhstan | Russia
94%
Russia
94%
Russia
94%
Russia
94%
Russia
94%
Brazil | Colombia | Grenada | Guyana | Netherlands | Suriname | Trinidad and Tobago | Venezuela
93%
Canada
93%
Canada
93%
Canada
93%
China | India | Nepal | Pakistan
93%
Denmark | Germany | Ireland | Netherlands | Norway | United Kingdom
93%
Russia
93%
Russia
93%
Russia
93%
Russia
93%
Australia
92%
Bolivia | Brazil | Ecuador | Peru
92%
Brazil | Colombia | Ecuador | Peru
92%
Russia
92%
Russia
92%
Russia
92%
Russia
92%
Russia
92%
United States
92%
United States
92%
Afghanistan | Armenia | Azerbaijan | China | Iran | Kazakhstan | Kyrgyzstan | Tajikistan | Turkey | Turkmenistan | Uzbekistan
91%
Albania | Algeria | Andorra | Austria | Bosnia and Herzegovina | Croatia | Czechia | France | Germany | Hungary | Italy | Kosovo | Malta | Monaco | Montenegro | North Macedonia | San Marino | Serbia | Slovenia | Spain | Switzerland | Tunisia | Vatican City
91%
Argentina | Chile
91%
Australia | France | Vanuatu
91%
Canada
91%
Mexico
91%
Russia
91%
Russia
91%
Argentina | Brazil | Paraguay | Uruguay
90%
Argentina | Chile | Uruguay
90%
Bolivia | Brazil
90%
Cambodia | China | Laos | Philippines | Taiwan | Thailand | Vietnam
90%
China | North Korea | South Korea
90%
Argentina | Bolivia | Brazil | Chile | Paraguay
89%
Australia
89%
Belgium | France | Germany | Luxembourg | Netherlands | Portugal | Spain
89%
Bhutan | China | India | Myanmar
89%
China
89%
China | Kazakhstan | Kyrgyzstan
89%
Australia
88%
Australia | Papua New Guinea | Solomon Islands
88%
Brazil
88%
Canada
88%
Algeria | Morocco | Portugal | Spain | Tunisia
87%
Australia | East Timor | Indonesia
87%
Brunei | Cambodia | Indonesia | Malaysia | Palau | Philippines | Vietnam
87%
Colombia | Costa Rica | Netherlands | Nicaragua | Panama | Venezuela
87%
Denmark
87%
Denmark
87%
Australia
86%
Australia
86%
Denmark | Iceland
86%
Japan
86%
Algeria | Mauritania | Morocco | Spain
85%
Australia | Indonesia | Palau | Papua New Guinea
85%
Australia | New Zealand
85%
Comoros | Democratic Republic of the Congo | France | Madagascar | Malawi | Mozambique | Tanzania | Zambia | Zimbabwe
85%
Egypt | Iran | Iraq | Israel | Jordan | Kuwait | Lebanon | Saudi Arabia | Sudan | Syria | Turkey
85%
Ireland | United Kingdom
85%
Argentina | Chile
84%
Argentina | Chile
84%
Australia
84%
Brazil
84%
Cameroon | Central African Republic | Chad | Democratic Republic of the Congo | Equatorial Guinea | Gabon | Nigeria | Republic of the Congo | South Sudan | Sudan
84%
Denmark
84%
Denmark
84%
Australia
83%
Brazil
83%
India | Maldives
83%
Algeria | Benin | Burkina Faso | Ghana | Guinea | Ivory Coast | Mali | Mauritania | Niger | Nigeria | Senegal | Togo
82%
Algeria | Mali | Mauritania | Morocco | Tunisia
82%
Denmark
82%
East Timor | Indonesia | Palau
82%
France | Madagascar | Mauritius
82%
Indonesia | Malaysia | Singapore
82%
Namibia | South Africa
82%
Albania | Bulgaria | Cyprus | Egypt | Greece | Libya | Malta | North Macedonia | Serbia | Syria | Tunisia | Turkey
81%
Australia
81%
Cambodia | Indonesia | Malaysia | Myanmar | Thailand | Vietnam
81%
Eswatini | Madagascar | Mozambique | South Africa
81%
Algeria | Chad | Libya | Mali | Niger | Nigeria | Tunisia
80%
Angola | Botswana | Democratic Republic of the Congo | Namibia | Zambia | Zimbabwe
80%
Cameroon | Central African Republic | Chad | Eritrea | Libya | Niger | Nigeria | South Sudan | Sudan
80%
Denmark
80%
South Africa
80%
Bahrain | Iran | Oman | Pakistan | Qatar | Saudi Arabia | United Arab Emirates | Yemen
79%
Egypt | Libya | Sudan | Tunisia
79%
Afghanistan | Iran | Iraq | Pakistan | Syria | Turkey
78%
Botswana | Madagascar | Mozambique | Namibia | South Africa | Zambia | Zimbabwe
78%
Burundi | Democratic Republic of the Congo | Ethiopia | Kenya | Somalia | Tanzania
78%
Djibouti | Eritrea | Ethiopia | Saudi Arabia | Somalia | Yemen
78%
Iceland
78%
Indonesia
78%
Indonesia | Sri Lanka
77%
New Zealand
77%
Japan
76%
Burundi | Democratic Republic of the Congo | Eritrea | Ethiopia | Kenya | Rwanda | South Sudan | Sudan | Tanzania | Uganda
75%
Kiribati
75%
Botswana | Lesotho | Namibia | South Africa
74%
Denmark
74%
New Zealand
74%
Federated States of Micronesia | Kiribati | Marshall Islands | Nauru
73%
Angola | Democratic Republic of the Congo | Gabon | Republic of the Congo
72%
Benin | Cameroon | Equatorial Guinea | Gabon | Ghana | Ivory Coast | Nigeria | São Tomé and Príncipe | Togo
72%
India | Pakistan
72%
Kiribati
70%
Barbados | France | Saint Lucia | Saint Vincent and the Grenadines
69%
United Kingdom
69%
Kiribati
68%
Kiribati
68%
Kiribati | Nauru | Samoa | Tuvalu
68%
Fiji | Samoa | Tonga | Tuvalu
67%
Kiribati
67%
Kiribati
66%
Madagascar | Seychelles
64%
Federated States of Micronesia | Palau | Papua New Guinea
63%
Gambia | Guinea | Guinea-Bissau | Ivory Coast | Liberia | Mauritania | Senegal | Sierra Leone
62%
Kiribati
62%
Ecuador
61%
Antigua and Barbuda | Dominica | France | Saint Kitts and Nevis
59%
Costa Rica | Nicaragua
59%
Kiribati
59%
Portugal
56%
Maldives
50%
Cape Verde
49%
Cape Verde
47%
Solomon Islands | Vanuatu
46%
Federated States of Micronesia
45%
Federated States of Micronesia | Palau
44%
Marshall Islands
38%
Palau
24%

Score Distribution

Percentile by Number Answered

Percent of People with Each Score

Your Score History

You have not taken this quiz